000 00553nam a2200205Ia 4500
003 OSt
005 20220926044629.0
006 a|||||r|||| 00| 0
007 ta
008 220923b |||||||| |||| 00| 0 eng d
037 _cGeneral Book
040 _aRTL
_cRTL
_beng
041 _2eng
_aeng
082 _aX655.720j73.N6, K1
100 _aAitken Hugh G J
_9341442
245 0 _aAmerican capital and Canadian resources
260 _c1961
942 _hX655.720j73.N6, K1
_cGB
_2CC
999 _c675386
_d675386